[Event "Druga liga Srbije grupa Vojvodina 2012"]
[Site "Kac"]
[Date "2012.10.20"]
[Round "9.1"]
[White "Roganovic, Milos"]
[Black "Kosic, Dragan"]
[Result "1/2-1/2"]
[WhiteElo "2518"]
[BlackElo "2509"]
[PlyCount "40"]
[EventDate "2012.10.14"]

1. e4 e6 2. d4 d5 3. Nd2 dxe4 4. Nxe4 Nd7 5. Nf3 Ngf6 6. Bg5 Be7 7. Nxf6+ Bxf6
8. h4 O-O 9. Bd3 c5 10. Qe2 cxd4 11. O-O-O e5 12. Kb1 Re8 13. Bxf6 Qxf6 14.
Nxd4 Nc5 15. Bb5 Rf8 16. Nb3 Nxb3 17. axb3 a6 18. Bc4 b5 19. Bd5 Ra7 20. g3 Rc7
1/2-1/2

[Event "Druga liga Srbije grupa Vojvodina 2012"]
[Site "Kac"]
[Date "2012.10.20"]
[Round "9.1"]
[White "Laketic, Gojko"]
[Black "Sipos, Istvan"]
[Result "1/2-1/2"]
[WhiteElo "2435"]
[BlackElo "2459"]
[PlyCount "32"]
[EventDate "2012.10.14"]

1. Nf3 Nf6 2. c4 e6 3. Nc3 d5 4. d4 dxc4 5. e3 a6 6. a4 b6 7. Bxc4 Bb7 8. O-O
Bb4 9. Qe2 O-O 10. Rd1 Qe7 11. Ne5 Nbd7 12. Nxd7 Qxd7 13. f3 c6 14. e4 Qc7 15.
Be3 c5 16. dxc5 Bxc5 1/2-1/2

[Event "Druga liga Srbije grupa Vojvodina 2012"]
[Site "Kac"]
[Date "2012.10.20"]
[Round "9.1"]
[White "Bulajic, Ratko"]
[Black "Kosanovic, Goran A"]
[Result "1/2-1/2"]
[WhiteElo "2331"]
[BlackElo "2363"]
[PlyCount "66"]
[EventDate "2012.10.14"]

1. d4 c5 2. d5 e5 3. c4 d6 4. e4 Be7 5. Nf3 Bg4 6. Nbd2 Bg5 7. Qa4+ Bd7 8. Qb3
Bxd2+ 9. Bxd2 b6 10. g3 Ne7 11. Bg2 O-O 12. Nh4 Ng6 13. Nf5 Bxf5 14. exf5 Nh8
15. h4 Nd7 16. g4 a6 17. Qc2 b5 18. b3 Re8 19. g5 f6 20. g6 hxg6 21. fxg6 e4
22. h5 f5 23. Kf1 Ne5 24. Rh3 Rb8 25. Rd1 Qf6 26. Bc3 bxc4 27. bxc4 Qg5 28. Qe2
Ng4 29. Re1 Kf8 30. Rg3 Qxh5 31. Rh3 Qxg6 32. Rxh8+ Kf7 33. Rxe8 Rxe8 1/2-1/2

[Event "Druga liga Srbije grupa Vojvodina 2012"]
[Site "Kac"]
[Date "2012.10.20"]
[Round "9.1"]
[White "Drazic, Sinisa"]
[Black "Dekic, Josip"]
[Result "1-0"]
[WhiteElo "2511"]
[BlackElo "2297"]
[PlyCount "87"]
[EventDate "2012.10.14"]

1. g3 d5 2. Bg2 c6 3. d3 g6 4. Nf3 Nf6 5. O-O Bg7 6. c4 O-O 7. Nc3 dxc4 8. dxc4
Qxd1 9. Rxd1 Be6 10. Nd2 Nfd7 11. Nd5 Na6 12. Nf4 Ndc5 13. Nxe6 Nxe6 14. Rb1
Rfd8 15. b4 Rd7 16. Be4 Rad8 17. Bd3 Bc3 18. Ba3 c5 19. b5 Nb4 20. Bxb4 Bxb4
21. Nb3 Bc3 22. f4 b6 23. Kf2 Bg7 24. a4 Nd4 25. a5 Nxb3 26. Rxb3 Rd6 27. axb6
axb6 28. Ra3 Bb2 29. Ra2 Bc3 30. Rc1 Ba5 31. g4 e6 32. Ke3 f5 33. h3 R8d7 34.
Ra3 Rd4 35. Rg1 Kf8 36. Rga1 Rf7 37. Rxa5 bxa5 38. Rxa5 Rc7 39. b6 Rb7 40. Rxc5
Rxd3+ 41. exd3 Rxb6 42. Rc8+ Kf7 43. Rc7+ Kg8 44. g5 1-0

[Event "Druga liga Srbije grupa Vojvodina 2012"]
[Site "Kac"]
[Date "2012.10.20"]
[Round "9.1"]
[White "Strangar, Zlatko"]
[Black "Tesic, Dragan"]
[Result "0-1"]
[WhiteElo "2221"]
[BlackElo "2346"]
[PlyCount "86"]
[EventDate "2012.10.14"]

1. e4 c5 2. Nf3 e6 3. d3 Nc6 4. g3 d5 5. Nbd2 Bd6 6. Bg2 Nge7 7. O-O O-O 8. Nh4
d4 9. f4 f5 10. exf5 exf5 11. Re1 Bc7 12. Nc4 Rb8 13. a4 a6 14. a5 Rf6 15. Nf3
Be6 16. Bd2 h6 17. Re2 Bf7 18. Qe1 Bh5 19. Re6 Rxe6 20. Qxe6+ Bf7 21. Qe1 Ng6
22. b4 cxb4 23. Bxb4 Qf6 24. Bc5 Bxc4 25. dxc4 Kh7 26. Qb1 Nf8 27. Ra3 Nd7 28.
Bb6 Bxb6 29. axb6 Qd6 30. Rd3 Qc5 31. c3 dxc3+ 32. Kh1 c2 33. Qxc2 Nb4 34. Qb1
Nxd3 35. Qxd3 Nxb6 36. Ne5 Rf8 37. Bxb7 a5 38. g4 a4 39. g5 a3 40. Qb3 Qf2 41.
g6+ Kh8 42. Qd1 a2 43. Nd3 Qd4 0-1

[Event "Druga liga Srbije grupa Vojvodina 2012"]
[Site "Kac"]
[Date "2012.10.20"]
[Round "9.1"]
[White "Kovacevic, Dragisa"]
[Black "Roganovic, Nebojsa"]
[Result "1/2-1/2"]
[WhiteElo "2236"]
[BlackElo "2204"]
[PlyCount "65"]
[EventDate "2012.10.14"]

1. e4 d5 2. exd5 Nf6 3. Bb5+ Bd7 4. Be2 Bf5 5. d4 Nxd5 6. Nf3 e6 7. O-O Be7 8.
a3 O-O 9. h3 a5 10. c4 Nb6 11. Nc3 Nc6 12. Be3 Bf6 13. Qd2 h6 14. Rfd1 a4 15.
d5 exd5 16. Bxb6 cxb6 17. Nxd5 Be6 18. Rab1 Na5 19. Qf4 Rc8 20. Nd4 Bg5 21. Qe4
Re8 22. Bd3 g6 23. Nxe6 Rxe6 24. Qf3 Nxc4 25. Bxc4 Rxc4 26. g3 Rd6 27. Nc3
Rxd1+ 28. Rxd1 Rd4 29. Rxd4 Qxd4 30. Qxb7 Bc1 31. Qa8+ Kg7 32. Qxa4 Qd2 33. Qd1
1/2-1/2

[Event "Druga liga Srbije grupa Vojvodina 2012"]
[Site "Kac"]
[Date "2012.10.20"]
[Round "9.2"]
[White "Cabarkapa, Novak"]
[Black "Onjin, Branko"]
[Result "1-0"]
[WhiteElo "2244"]
[BlackElo "2005"]
[PlyCount "55"]
[EventDate "2012.10.14"]

1. e4 e6 2. d3 Nf6 3. Nf3 d5 4. Nbd2 c5 5. g3 Nc6 6. Bg2 Be7 7. O-O O-O 8. e5
Nd7 9. Re1 b5 10. Nf1 Qc7 11. Bf4 a5 12. h4 Qb6 13. N1h2 Nd4 14. Nxd4 cxd4 15.
h5 Bb4 16. Rf1 f6 17. exf6 Nxf6 18. h6 g6 19. Be5 Bd6 20. Nf3 Bxe5 21. Nxe5 Nd7
22. Qe2 Nxe5 23. Qxe5 Rf7 24. Rfe1 Raa7 25. Bxd5 Rae7 26. Be4 a4 27. a3 b4 28.
Rab1 1-0

[Event "Druga liga Srbije grupa Vojvodina 2012"]
[Site "Kac"]
[Date "2012.10.20"]
[Round "9.2"]
[White "Marjanusic, Vladimir"]
[Black "Blagojevic, Srdjan"]
[Result "1/2-1/2"]
[WhiteElo "2266"]
[BlackElo "2148"]
[PlyCount "22"]
[EventDate "2012.10.14"]

1. e4 c5 2. Nf3 e6 3. Nc3 Nc6 4. d4 cxd4 5. Nxd4 Qc7 6. Be2 a6 7. O-O Nf6 8.
Be3 Bb4 9. Na4 O-O 10. Nxc6 bxc6 11. Nb6 Rb8 1/2-1/2

[Event "Druga liga Srbije grupa Vojvodina 2012"]
[Site "Kac"]
[Date "2012.10.20"]
[Round "9.3"]
[White "Dumpor, Atif"]
[Black "Sertic, Rudolf"]
[Result "1/2-1/2"]
[WhiteElo "2359"]
[BlackElo "2397"]
[PlyCount "21"]
[EventDate "2012.10.14"]

1. Nf3 d5 2. d4 e6 3. c4 c5 4. cxd5 exd5 5. Nc3 Nc6 6. g3 Nf6 7. Bg2 Be7 8. O-O
O-O 9. Bg5 c4 10. Ne5 Be6 11. Bxf6 1/2-1/2

[Event "Druga liga Srbije grupa Vojvodina 2012"]
[Site "Kac"]
[Date "2012.10.20"]
[Round "9.3"]
[White "Vujadinovic, Goran"]
[Black "Ratkovic, Milovan"]
[Result "1/2-1/2"]
[WhiteElo "2365"]
[BlackElo "2272"]
[PlyCount "30"]
[EventDate "2012.10.14"]

1. Nc3 d5 2. e4 c6 3. Nf3 Bg4 4. h3 Bh5 5. Be2 e6 6. Ne5 Bxe2 7. Qxe2 Nd7 8.
Nxd7 Qxd7 9. O-O O-O-O 10. d3 Ne7 11. b4 Ng6 12. Rb1 Kb8 13. a4 Be7 14. a5 f5
15. Na4 f4 1/2-1/2

[Event "Druga liga Srbije grupa Vojvodina 2012"]
[Site "Kac"]
[Date "2012.10.20"]
[Round "9.3"]
[White "Mastrapovic, Vladimir"]
[Black "Ratkovic, Miloje"]
[Result "1-0"]
[WhiteElo "2284"]
[BlackElo "2202"]
[PlyCount "75"]
[EventDate "2012.10.14"]

1. e4 c6 2. d4 d5 3. Nc3 dxe4 4. Nxe4 Bf5 5. Nc5 b6 6. Nb3 e6 7. Nf3 Bd6 8. g3
Nf6 9. Bg2 O-O 10. Qe2 Nd5 11. O-O Nd7 12. Nh4 Bg6 13. c4 Ne7 14. Nxg6 hxg6 15.
Bg5 Nf6 16. Rfd1 Rc8 17. Rac1 Qd7 18. Nc5 Qc7 19. Nxe6 fxe6 20. Qxe6+ Kh8 21.
c5 bxc5 22. Bxf6 Rxf6 23. Qh3+ Kg8 24. dxc5 Bxc5 25. Rxc5 Qb6 26. Bd5+ cxd5 27.
Rxc8+ Nxc8 28. Qxc8+ Kh7 29. Qc2 d4 30. b3 Rf5 31. Qe4 Qa5 32. a4 Qc3 33. g4
Qxb3 34. Rxd4 Ra5 35. h4 Qh3 36. Rd6 Qxh4 37. Qxg6+ Kh8 38. Re6 1-0

[Event "Druga liga Srbije grupa Vojvodina 2012"]
[Site "Kac"]
[Date "2012.10.20"]
[Round "9.3"]
[White "Kostic, Branimir"]
[Black "Marcak, Dejan"]
[Result "1-0"]
[WhiteElo "2234"]
[BlackElo "2152"]
[PlyCount "117"]
[EventDate "2012.10.14"]

1. d4 Nf6 2. c4 g6 3. Nc3 d5 4. Nf3 Bg7 5. Qb3 dxc4 6. Qxc4 O-O 7. e4 Nbd7 8.
Bf4 c6 9. Be2 Nb6 10. Qd3 Be6 11. O-O Nh5 12. Be3 Qc7 13. g3 Bc4 14. Qd2 Rad8
15. b3 Bxe2 16. Qxe2 Rd7 17. Rac1 Qb8 18. b4 e6 19. e5 Bh8 20. Ng5 Ng7 21. g4
Ne8 22. Nge4 Nd5 23. Nxd5 Rxd5 24. g5 Nc7 25. a4 Rfd8 26. f4 R5d7 27. Rfd1 Nd5
28. Nc5 Re7 29. Bd2 Bg7 30. Rb1 b6 31. Ne4 Red7 32. Rdc1 Ne7 33. Be3 Nf5 34.
Rxc6 Nxe3 35. Qxe3 Rxd4 36. Rbc1 Rd1+ 37. Kg2 Rxc1 38. Qxc1 Qb7 39. b5 Bf8 40.
Kg3 Bg7 41. Qc2 Kf8 42. Nd6 Qb8 43. Qc3 Kg8 44. Rc8 Rxc8 45. Qxc8+ Qxc8 46.
Nxc8 Bf8 47. Nxa7 Bc5 48. Kf3 Kg7 49. Nc6 h6 50. gxh6+ Kxh6 51. a5 bxa5 52.
Nxa5 g5 53. Nc4 gxf4 54. Kxf4 Bg1 55. b6 f6 56. b7 fxe5+ 57. Nxe5 Ba7 58. Nc6
e5+ 59. Ke4 1-0

[Event "Druga liga Srbije grupa Vojvodina 2012"]
[Site "Kac"]
[Date "2012.10.20"]
[Round "9.3"]
[White "Bogic, Stevan"]
[Black "Milojevic, Dusan"]
[Result "1/2-1/2"]
[WhiteElo "2199"]
[BlackElo "2188"]
[PlyCount "31"]
[EventDate "2012.10.14"]

1. d4 Nf6 2. c4 g6 3. Nc3 Bg7 4. e4 d6 5. f3 O-O 6. Bg5 Nbd7 7. Nh3 c5 8. d5 a6
9. a4 Qa5 10. Ra3 Ne5 11. Nf2 Re8 12. Be2 Rb8 13. O-O h6 14. Bd2 g5 15. g3 Ng6
16. Kh1 1/2-1/2

[Event "Druga liga Srbije grupa Vojvodina 2012"]
[Site "Kac"]
[Date "2012.10.20"]
[Round "9.4"]
[White "Bodiroga, Predrag"]
[Black "Popov, Stevan"]
[Result "1/2-1/2"]
[WhiteElo "2394"]
[BlackElo "2204"]
[PlyCount "85"]
[EventDate "2012.10.14"]

1. d4 Nf6 2. Nf3 e6 3. c4 b6 4. g3 Bb7 5. Bg2 Bb4+ 6. Bd2 Qe7 7. O-O Bxd2 8.
Qxd2 O-O 9. Nc3 Ne4 10. Nxe4 Bxe4 11. Qf4 d5 12. cxd5 exd5 13. Rac1 c5 14. dxc5
bxc5 15. Qe5 Qxe5 16. Nxe5 Bxg2 17. Kxg2 Na6 18. Rfd1 d4 19. Nd3 Rfc8 20. Rc4
Rab8 21. Rdc1 Re8 22. R1c2 Nb4 23. Nxb4 cxb4 24. Rd2 g6 25. Rcxd4 b3 26. Ra4
Re7 27. g4 bxa2 28. Rxa2 Rb4 29. h3 Reb7 30. e3 h6 31. Kf3 R4b5 32. Rd8+ Kg7
33. Ra8 Rxb2 34. Rxb2 Rxb2 35. Rxa7 Rb5 36. Kf4 h5 37. gxh5 Rxh5 38. Kg4 Rb5
39. e4 Kg8 40. h4 f5+ 41. Kg5 fxe4+ 42. Kxg6 Rb6+ 43. Kf5 1/2-1/2

[Event "Druga liga Srbije grupa Vojvodina 2012"]
[Site "Kac"]
[Date "2012.10.20"]
[Round "9.4"]
[White "Jovanovic, Milenko"]
[Black "Vukic, Radivoj"]
[Result "1/2-1/2"]
[WhiteElo "2192"]
[BlackElo "2351"]
[PlyCount "41"]
[EventDate "2012.10.14"]

1. d4 d5 2. c4 c6 3. cxd5 cxd5 4. Nc3 Nc6 5. Bf4 e6 6. e3 a6 7. Nf3 Bd6 8. Bg3
b5 9. Bd3 Bb7 10. O-O Bxg3 11. hxg3 Nf6 12. a4 b4 13. Nb1 Na5 14. Nbd2 Ne4 15.
Bxe4 dxe4 16. Ne5 Bd5 17. Rc1 O-O 18. Qe2 f6 19. Nec4 b3 20. Rc3 Nxc4 21. Nxc4
1/2-1/2

[Event "Druga liga Srbije grupa Vojvodina 2012"]
[Site "Kac"]
[Date "2012.10.20"]
[Round "9.4"]
[White "Remecki, Sinisa"]
[Black "Rajic, Dobrivoje"]
[Result "1-0"]
[WhiteElo "2212"]
[BlackElo "2105"]
[PlyCount "71"]
[EventDate "2012.10.14"]

1. e4 e5 2. d4 exd4 3. Qxd4 Nc6 4. Qe3 g6 5. Nc3 Bg7 6. Bd2 d6 7. O-O-O Be6 8.
f4 Nge7 9. h3 h5 10. Nf3 Qd7 11. Ng5 O-O-O 12. Bb5 a6 13. Ba4 Bc4 14. Be1 f6
15. Nf3 Rde8 16. Kb1 Kb8 17. Bf2 Nc8 18. Nd4 Nb6 19. Nxc6+ bxc6 20. Bb3 Qf7 21.
Na4 Nc8 22. Qd4 Bxb3 23. axb3 c5 24. Qd3 f5 25. e5 Re6 26. Qxa6 Qe8 27. exd6
Rxd6 28. Qc4 Bd4 29. Bxd4 cxd4 30. Rxd4 Rxd4 31. Qxd4 Rh7 32. Qb4+ Ka8 33. Rd1
Qc6 34. Rd8 Qb7 35. Qf8 Kb8 36. Nc5 1-0

[Event "Druga liga Srbije grupa Vojvodina 2012"]
[Site "Kac"]
[Date "2012.10.20"]
[Round "9.4"]
[White "Kovacevic, Slavko"]
[Black "Titov, Ivan"]
[Result "1-0"]
[WhiteElo "2187"]
[BlackElo "2173"]
[PlyCount "99"]
[EventDate "2012.10.14"]

1. c4 Nf6 2. Nc3 g6 3. g3 d5 4. cxd5 Nxd5 5. Bg2 Nb6 6. Nf3 Bg7 7. O-O O-O 8.
d4 Nc6 9. e3 h6 10. h3 Be6 11. b3 Qc8 12. Kh2 Rd8 13. Ba3 a5 14. Qc2 g5 15.
Rad1 Bf5 16. Qc1 g4 17. hxg4 Bxg4 18. Bc5 Nd5 19. Rd2 Nxc3 20. Qxc3 Qe6 21. Rh1
Qf6 22. Ne1 Qg6 23. Nd3 Qf5 24. f3 Bxf3 25. Rf2 e5 26. Bxf3 exd4 27. Qc4 dxe3
28. Be4 Qg5 29. Rf5 Qg4 30. Bxe3 Qe2+ 31. Bf2 Nd4 32. Re1 Qd2 33. Qxf7+ Kh8 34.
Rf4 Rd6 35. Qh5 Ne6 36. Re2 Qd1 37. Bf5 Rad8 38. Rfe4 Nf8 39. Nf4 Rf6 40. Bg4
c6 41. Qxa5 b5 42. Re7 Rdd6 43. Rxg7 Qf1 44. Rge7 h5 45. Bh3 Qc1 46. Qe1 Rd1
47. Bd4 Nh7 48. Qf2 Rh1+ 49. Kg2 Rxh3 50. Nxh3 1-0

[Event "Druga liga Srbije grupa Vojvodina 2012"]
[Site "Kac"]
[Date "2012.10.20"]
[Round "9.4"]
[White "Vajdic, Nikola"]
[Black "Zolotic, Zoran"]
[Result "1/2-1/2"]
[WhiteElo "2290"]
[BlackElo "2237"]
[PlyCount "116"]
[EventDate "2012.10.14"]

1. Nf3 d5 2. d4 Nf6 3. c4 c6 4. Nc3 e6 5. e3 Bd6 6. Qc2 Nbd7 7. cxd5 exd5 8.
Bd3 h6 9. O-O O-O 10. Rb1 Qe7 11. Re1 Re8 12. e4 dxe4 13. Nxe4 Nxe4 14. Rxe4
Qd8 15. Rxe8+ Qxe8 16. Bd2 Nf6 17. Re1 Qf8 18. Bc4 Nd5 19. Bxd5 cxd5 20. Qb3
Qd8 21. Ne5 Bf8 22. Nd3 b6 23. Ne5 Be6 24. Qg3 Qf6 25. Re3 Bd6 26. Rf3 Bxe5 27.
dxe5 Qg6 28. Qxg6 fxg6 29. Ra3 b5 30. Ra6 Kf7 31. Be3 d4 32. Bxd4 Rd8 33. Rd6
Rxd6 34. exd6 Bxa2 35. Bxa7 Ke6 36. Bc5 g5 37. f3 Bd5 38. Kf2 g6 39. g3 Bc6 40.
Ke3 Kd5 41. Bb4 h5 42. h3 Bd7 43. g4 Bc6 44. Kd3 Bd7 45. Ke3 Bc6 46. Kd3 Bd7
47. Bd2 Kxd6 48. Bxg5 Kd5 49. Bf6 Ke6 50. Bc3 hxg4 51. hxg4 Bc6 52. Ke3 Bd5 53.
f4 Bc4 54. Ke4 Bf1 55. Kd4 Be2 56. Kc5 Bf1 57. b4 Be2 58. Kc6 Bf1 1/2-1/2

[Event "Druga liga Srbije grupa Vojvodina 2012"]
[Site "Kac"]
[Date "2012.10.20"]
[Round "9.4"]
[White "Radanovic, Borislav"]
[Black "Jacimovic, Zoran"]
[Result "0-1"]
[WhiteElo "2244"]
[BlackElo "2168"]
[PlyCount "102"]
[EventDate "2012.10.14"]

1. e4 c6 2. d3 d5 3. Nd2 e5 4. Ngf3 Bd6 5. g3 Nf6 6. Bg2 O-O 7. O-O Re8 8. Re1
d4 9. Nc4 c5 10. Nxd6 Qxd6 11. h3 Nc6 12. Nh4 a5 13. Qf3 Be6 14. a3 Nd7 15. Nf5
Qf8 16. h4 f6 17. h5 Bxf5 18. Qxf5 Qd6 19. Bh3 Nf8 20. Qg4 Kh8 21. f4 h6 22.
Bd2 a4 23. Re2 b5 24. Rf2 b4 25. Qh4 Ra6 26. Raf1 Nh7 27. Bf5 Nf8 28. Bg6 Re7
29. Qh3 Ra8 30. fxe5 Nxe5 31. Bxh6 bxa3 32. bxa3 Nfd7 33. Bc1 Kg8 34. Bf5 c4
35. dxc4 Nxc4 36. h6 Ne3 37. Re1 Nxf5 38. Rxf5 g5 39. Rd5 Qc7 40. Bb2 Nb6 41.
Rb5 Qc6 42. Qf5 Rd8 43. Qg6+ Kh8 44. Rxg5 Qe6 45. Rg4 $2 Nc4 46. Rf4 Nxb2 47.
Rxf6 Qg8 48. Qf5 Qxg3+ 49. Kf1 Rg8 50. Qf2 Qh3+ 51. Ke2 Rg2 0-1

[Event "Druga liga Srbije grupa Vojvodina 2012"]
[Site "Kac"]
[Date "2012.10.20"]
[Round "9.5"]
[White "Galyas, Miklos"]
[Black "Indjic, Dusan"]
[Result "1-0"]
[WhiteElo "2423"]
[BlackElo "2287"]
[PlyCount "73"]
[EventDate "2012.10.14"]

1. d4 Nf6 2. c4 c5 3. d5 d6 4. Nc3 g6 5. e4 Bg7 6. Bd3 O-O 7. h3 e6 8. Nf3 Re8
9. O-O Na6 10. Bg5 h6 11. Be3 e5 12. Qd2 Kh7 13. Nh2 Rf8 14. Rae1 Qe7 15. Be2
Nc7 16. Ng4 Ng8 17. f4 f5 18. exf5 gxf5 19. Nxe5 dxe5 20. d6 Qd8 21. dxc7 Qxd2
22. Bxd2 e4 23. Be3 Bd4 24. Kf2 b6 25. Rd1 Bxc3 26. bxc3 Rf7 27. Rd8 Rxc7 28.
Rfd1 Ne7 29. g4 Bb7 30. R1d7 Rac8 31. gxf5 Kg7 32. Bg4 Ba6 33. Rxe7+ Rxe7 34.
f6+ Kxf6 35. Bxc8 Bxc4 36. a3 Kg7 37. f5 1-0

[Event "Druga liga Srbije grupa Vojvodina 2012"]
[Site "Kac"]
[Date "2012.10.20"]
[Round "9.5"]
[White "Vlahovic, Bogdan"]
[Black "Stanojevic, Branko"]
[Result "1/2-1/2"]
[WhiteElo "2340"]
[BlackElo "2312"]
[PlyCount "24"]
[EventDate "2012.10.14"]

1. Nf3 Nf6 2. c4 g6 3. b3 Bg7 4. Bb2 d6 5. g3 e5 6. Bg2 O-O 7. O-O c5 8. d3 Nc6
9. Nc3 Rb8 10. Nd2 Be6 11. Nde4 a6 12. h3 h6 1/2-1/2

[Event "Druga liga Srbije grupa Vojvodina 2012"]
[Site "Kac"]
[Date "2012.10.20"]
[Round "9.5"]
[White "Kovacevic, Dragan"]
[Black "Mijatovic, Dejan"]
[Result "1/2-1/2"]
[WhiteElo "2216"]
[BlackElo "2271"]
[PlyCount "31"]
[EventDate "2012.10.14"]

1. e4 e5 2. Nf3 Nf6 3. Nxe5 d6 4. Nc4 Nxe4 5. Qe2 Qe7 6. Ne3 g6 7. d4 d5 8. Nd2
Nd6 9. c3 Nf5 10. Nf3 Nxe3 11. Bxe3 Bf5 12. Ne5 Nd7 13. Nxd7 Qxd7 14. Bg5+ Qe6
15. Qxe6+ Bxe6 16. Bd3 1/2-1/2

[Event "Druga liga Srbije grupa Vojvodina 2012"]
[Site "Kac"]
[Date "2012.10.20"]
[Round "9.5"]
[White "Lalic, Dragan"]
[Black "Okilj, Tigran"]
[Result "0-1"]
[WhiteElo "2321"]
[BlackElo "2089"]
[PlyCount "100"]
[EventDate "2012.10.14"]

1. Nf3 Nf6 2. d4 g6 3. Bg5 Bg7 4. Nbd2 O-O 5. c3 d6 6. e4 Nbd7 7. Be2 e5 8.
dxe5 dxe5 9. O-O Qe7 10. Qc2 h6 11. Bh4 g5 12. Bg3 Nh5 13. Rfe1 Nf4 14. Bf1 Nb6
15. b4 Bg4 16. h3 Bh5 17. Nh2 Rad8 18. f3 Bg6 19. a4 f5 20. Bf2 Nc8 21. exf5
Bxf5 22. Ne4 Nd6 23. Rad1 b6 24. c4 Nxe4 25. fxe4 Be6 26. c5 Rxd1 27. Rxd1 Qf7
28. Rd2 h5 29. cxb6 cxb6 30. a5 bxa5 31. bxa5 g4 32. hxg4 hxg4 33. Qc5 Qg6 34.
Bg3 Qxe4 35. Qxa7 Bh6 36. Rf2 Nh5 37. Re2 Rxf1+ 38. Nxf1 Qxe2 39. Qb8+ Bf8 40.
Qxe5 Nxg3 41. Qg5+ Kf7 42. Nxg3 Qd1+ 43. Nf1 Qd4+ 44. Qe3 Qxe3+ 45. Nxe3 Bc5
46. Kf2 Ke7 47. Ke2 Kd6 48. a6 Kc6 49. a7 Kb7 50. Kf2 Kxa7 0-1

[Event "Druga liga Srbije grupa Vojvodina 2012"]
[Site "Kac"]
[Date "2012.10.20"]
[Round "9.5"]
[White "Skoko, Milan"]
[Black "Sevo, Dusan"]
[Result "1-0"]
[WhiteElo "2204"]
[BlackElo "2266"]
[PlyCount "21"]
[EventDate "2012.10.14"]

1. e4 g6 2. d4 Bg7 3. Nc3 d6 4. f4 Nd7 5. Nf3 e5 6. dxe5 dxe5 7. fxe5 Nxe5 8.
Qxd8+ Kxd8 9. Bg5+ Ne7 10. O-O-O+ Ke8 11. Nb5 1-0

[Event "Druga liga Srbije grupa Vojvodina 2012"]
[Site "Kac"]
[Date "2012.10.20"]
[Round "9.6"]
[White "Elez, Nikola"]
[Black "Dvornic, Mladen"]
[Result "1-0"]
[WhiteElo "2207"]
[BlackElo "2323"]
[PlyCount "85"]
[EventDate "2012.10.14"]

1. e4 c5 2. b3 Nc6 3. Bb2 e5 4. Bc4 Nf6 5. d3 Be7 6. Nc3 a6 7. a4 d6 8. Nge2
O-O 9. O-O Rb8 10. h3 Nd4 11. Nxd4 cxd4 12. Nd5 Nxd5 13. Bxd5 Kh8 14. f4 f5 15.
exf5 Bxf5 16. g4 Bd7 17. fxe5 dxe5 18. Rxf8+ Qxf8 19. Qe2 Qf4 20. Rf1 Qg3+ 21.
Qg2 Qxg2+ 22. Kxg2 Bf6 23. Ba3 b5 24. axb5 axb5 25. Bd6 Rd8 26. Rxf6 Bc6 27.
Bxc6 gxf6 28. Be7 Rc8 29. Bxf6+ Kg8 30. Bxb5 Rxc2+ 31. Kf3 Rh2 32. Bc4+ Kf8 33.
Ke4 Rxh3 34. Kxe5 h5 35. gxh5 Rxh5+ 36. Kxd4 Ke8 37. b4 Kd7 38. b5 Kc7 39. Kc3
Rf5 40. Bd4 Kb7 41. Kb4 Rh5 42. Bg1 Rg5 43. Bc5 1-0

[Event "Druga liga Srbije grupa Vojvodina 2012"]
[Site "Kac"]
[Date "2012.10.20"]
[Round "9.6"]
[White "Torbica, Milos"]
[Black "Marjanovic, Dejan"]
[Result "1/2-1/2"]
[WhiteElo "2279"]
[BlackElo "2219"]
[PlyCount "42"]
[EventDate "2012.10.14"]

1. d4 g6 2. Nf3 Bg7 3. c3 d6 4. Bf4 Nd7 5. e3 e5 6. Bg3 Ne7 7. h3 O-O 8. Be2 b6
9. O-O Bb7 10. a4 a6 11. Na3 Nf5 12. Bh2 Qe7 13. b4 Rfe8 14. Ra2 d5 15. Nc2 Nd6
16. Nd2 f5 17. Nf3 Ne4 18. Ra3 Rac8 19. b5 a5 20. Rb3 Rcd8 21. Nd2 h5 1/2-1/2

[Event "Druga liga Srbije grupa Vojvodina 2012"]
[Site "Kac"]
[Date "2012.10.20"]
[Round "9.6"]
[White "Pezelj, Sinisa"]
[Black "Desnica, Vladan"]
[Result "0-1"]
[WhiteElo "2170"]
[BlackElo "2236"]
[PlyCount "50"]
[EventDate "2012.10.14"]

1. e4 e5 2. Nf3 Nc6 3. d4 exd4 4. Nxd4 Bb4+ 5. c3 Bc5 6. Be3 Bb6 7. Nd2 Nf6 8.
Be2 O-O 9. O-O Re8 10. Qc2 d5 11. Nxc6 bxc6 12. Bxb6 axb6 13. Bd3 Ra5 14. Rad1
Rxa2 15. e5 Rxe5 16. Nc4 Rh5 17. Na3 Qd6 18. f4 Ng4 19. h3 Qc5+ 20. Kh1 Ne3 21.
Qe2 Bg4 22. Rf3 Nxd1 23. Qxd1 Rxb2 24. Nc2 Rxh3+ 25. gxh3 Rb1 0-1